01717nam a2200397 a 4500001001000000003000500010005001700015008004100032010001100073011001100084040000900095090001000104100004300114245023400157260004100391500006000432502007500492590004100567590004100608590004100649590004000690590004000730590004000770590004000810590004000850650004300890650005700933650004400990650004201034856007001076901000701146942001001153942000601163999001901169952013101188000115110CHAP20250926062752.0181010s2018 mx a sm |||||||spa d a111571 a112543 cCHAP aTesis1 aPeña Aguilar, Marco Antonio.913593010aDinámica poblacional de plantas y tallos de ballico perenne (Lolium perenne L.) solo y asociado con pasto ovillo (Dactylis glomerata L.) y trébol blanco (Trifolium repens L.) /h[En línea]cpor Marco Antonio Peña Aguilar. aChapingo, Méx. :bEl autor,c2018. aPara ver el contenido del material haga clic en la liga aTesis (Ing. Agr. Esp. en Zootecnia) -- UACH. Departamento de Zootecnia aBATCH-UPDb10c20190604lUCH01h1346 aE11695DGDb10c20190604lUCH01h1345 aE11695DGDb10c20190604lUCH01h1345 aE8697GMMb05c20181010lUCH01h0949 aE8697GMMb05c20181010lUCH01h0951 aE8697GMMb05c20181010lUCH01h1327 aE8697GMMb05c20181130lUCH01h1339 aE8697GMMb05c20190516lUCH01h150714aPastos forrajerosxCrecimiento.98609914aPastos forrajerosxEfecto del medio ambiente.98610317aPastos forrajerosxRendimiento298611814aPastos forrajerosxVariedades.986123 aFinding aiduhttp://10.13.5.2/tesis/sist115110.pdfzTeclea aquí aBK cTESIS n0 c111571d111571 00104054718TESISaBCbBCd2018-10-10fTESISl0oTesisp115119-10r2019-12-31 00:00:00w2019-12-31yTESISzRecien adquirido